LDR 00689naa#a2200217#i#450# 001 EN\\bibl\121332 005 20260515043156.5 011 ## _a1994-4683 100 ## _a20230803b2023####ek#y0engy0150####ca 102 ## _aRU 200 1# _aTHE PROBLEM OF INSTABILITY OF THE LOCOMOTORAL APPARATUS OF KICKBOXERS AGED 8-9, AT THE STAGE OF INITIAL TRAINING _eJournal article 210 1# _aMoscow _cNational State University of Physical Education, Sports and Health named after P.F. Lesgaft _d2023 215 ## _a5 с. 608 ## _aJournal article _2local 675 ## _aКик-боксинг. 796.835 _z 700 #1 _a _g 700 #1 _a _g 700 #1 _a _g 700 #1 _a _g 700 #1 _a _g 856 4# _auchzapiski.lesgaft.spb.ru _u